[Event "Sachsen-Anhalt-ch op"]
[Site "Magdeburg"]
[Date "2022.10.31"]
[Round "5"]
[White "Brandt, Florian"]
[Black "Binnewies, Markus"]
[Result "1-0"]
[WhiteElo "1738"]
[BlackElo "1826"]
[PlyCount "107"]
[EventDate "2022.10.29"]
[EventType "swiss"]
[EventRounds "7"]
[EventCountry "GER"]
[SourceTitle "CBM 211 Extra"]
[Source "ChessBase"]
[SourceDate "2023.01.31"]
[SourceVersion "1"]
[SourceVersionDate "2023.01.31"]
[SourceQuality "1"]

1. d4 d5 2. Nf3 Nf6 3. Bf4 e6 4. c3 Bd6 5. Bxd6 cxd6 6. Nbd2 b6 7. e3 Ba6 8. Bxa6 Qd7 9. Be2 0-0 10. 0-0 a6 11. c4 Qb7 12. cxd5 Nxd5 13. Rc1 Nd7 14. a3 b5 15. e4 Nf4 16. g3 Ng6 17. e5 dxe5 18. Nxe5 Ndxe5 19. dxe5 Nxe5 20. Bf3 Nxf3+ 21. Qxf3 Qb6 22. Rc6 Qd4 23. Qc3 Qd5 24. Rc1 Rad8 25. Nf1 h5 26. Ne3 Qf3 27. Nf1 Rd3 28. Qe5 Rd5 29. Qe3 Qf6 30. R1c2 Rfd8 31. Rc8 e5 32. R2c6 R5d6 33. Rxd6 Qxd6 34. Rxd8+ Qxd8 35. Qxe5 h4 36. gxh4 Qxh4 37. Ng3 Qd8 38. Kg2 g6 39. Ne4 Qd1 40. Nf6+ Kg7 41. Ne4+ Kg8 42. h3 Qd3 43. Nd6 Qb3 44. h4 Kf8 45. h5 gxh5 46. Qxh5 Ke7 47. Qxf7+ Qxf7 48. Nxf7 Kxf7 49. Kf3 Ke6 50. Ke4 Kd6 51. b4 Ke6 52. Kd4 Kd6 53. f3 Kc6 54. Ke5 1-0